header

Early Spanish American narrative (Record no. 220654)

MARC details
000 -LEADER
fixed length control field 01382nam a22003494a 4500
082 04 - DEWEY DECIMAL CLASSIFICATION NUMBER
Classification number 863.009/98
100 1# - MAIN ENTRY--AUTHOR NAME
Personal name Lindstrom, Naomi,
245 10 - TITLE STATEMENT
Title Early Spanish American narrative
250 ## - EDITION STATEMENT
Edition statement 1st ed.
260 ## - PUBLICATION, DISTRIBUTION, ETC. (IMPRINT)
Place of publication Austin :
Name of publisher University of Texas Press,
Year of publication 2004.
300 ## - PHYSICAL DESCRIPTION
Number of Pages 237 p.
650 #0 - SUBJECT ADDED ENTRY--TOPICAL TERM
Topical Term Spanish American fiction
Topical Term Literature and history
Topical Term National characteristics, Latin American, in literature.
856 40 - ELECTRONIC LOCATION AND ACCESS
Uniform Resource Identifier http://site.ebrary.com/lib/rucke/Doc?id=10194806

No items available.

© 2026 Rongo University
Contact us: librarian | system librarian | Rongo university